[Event "Simpsons 175th"]
[Site "London ENG"]
[Date "2003.08.25"]
[Round "1"]
[White "Howell,D"]
[Black "Emms,J"]
[Result "0-1"]
[WhiteElo "2323"]
[BlackElo "2520"]
[EventDate "2003.08.25"]

1. e4 c5 2. Nf3 e6 3. c3 d5 4. e5 d4 5. cxd4 cxd4 6. Bb5+ Bd7 7. Qe2 Nc6 8.
O-O Nge7 9. d3 Ng6 10. Bc4 Bc5 11. a3 Bb6 12. b4 Bc7 13. Bb2 O-O 14. Nbd2
Ncxe5 15. Bxd4 Nf4 16. Qe3 Ng4 17. Qe1 Bc6 18. Ne4 Nxh2 19. Nxh2 Qxd4 20.
b5 Bxe4 21. Qxe4 Qxe4 22. dxe4 Be5 23. Rac1 Bb2 24. Rc2 Bxa3 25. g3 Ng6 26.
f4 Rac8 27. Ng4 Rfd8 28. f5 Nf8 29. fxe6 fxe6 30. Ne5 Rc5 31. Nf7 Rd7 32.
Rf3 Rxf7 33. Rxa3 Rfc7 34. Rac3 Kf7 35. Kf2 Ke7 36. Ke3 Nd7 37. Kd4 Ne5 38.
Be2 Rxc3 39. Rxc3 Rxc3 40. Kxc3 Kd6 41. Kd4 Nd7 42. Bf3 e5+ 43. Kc4 b6 0-1

[Event "Simpsons 175th"]
[Site "London ENG"]
[Date "2003.08.26"]
[Round "2"]
[White "Emms,J"]
[Black "King,D"]
[Result "0-1"]
[WhiteElo "2520"]
[BlackElo "2503"]
[EventDate "2003.08.25"]

1. e4 e6 2. d4 d5 3. Nd2 c5 4. Ngf3 Nf6 5. e5 Ne4 6. Bd3 Nxd2 7. Bxd2 cxd4
8. Nxd4 Nc6 9. Nxc6 bxc6 10. O-O Rb8 11. b4 Be7 12. Rb1 g6 13. Qe2 O-O 14.
g3 c5 15. bxc5 Rxb1 16. Rxb1 Bxc5 17. Bh6 Re8 18. h4 Bf8 19. Qe3 d4 20. Qf4
Bxh6 21. Qxh6 Qd5 22. Rb5 Qc6 23. Qf4 Bb7 24. f3 Qxf3 25. Qxf3 Bxf3 26. Kf2
Bh1 27. g4 Kg7 28. g5 h6 29. Kg3 hxg5 30. hxg5 Rd8 31. Kf4 Rd5 32. a4 Rxb5
33. axb5 Bd5 34. Be4 Kf8 35. Kf3 Ke7 36. Bxd5 exd5 37. Ke2 Ke6 38. Kd2 Kxe5
39. Kd3 f6 40. gxf6 Kxf6 41. Kxd4 Ke6 42. c4 dxc4 43. Kxc4 Kd6 44. Kd4 g5
45. Ke4 Kc5 46. Kf5 Kxb5 47. Kxg5 a5 0-1

[Event "Simpsons 175th"]
[Site "London ENG"]
[Date "2003.08.29"]
[Round "4"]
[White "Emms,J"]
[Black "Howell,D"]
[Result "1/2-1/2"]
[WhiteElo "2520"]
[BlackElo "2323"]
[EventDate "2003.08.25"]

1. e4 e5 2. Nf3 Nc6 3. Bb5 a6 4. Ba4 Nf6 5. O-O Be7 6. Re1 b5 7. Bb3 O-O 8.
a4 Bb7 9. d3 Re8 10. Nbd2 Bf8 11. Nf1 h6 12. Ne3 Na5 13. Ba2 c5 14. Bd2 Nc6
15. c3 Qc7 16. Nh4 Nd8 17. Ng4 Nh7 18. Qf3 c4 19. dxc4 bxc4 20. Rad1 d6 21.
Qe2 Rc8 22. Ne3 Bxe4 23. Bxc4 a5 24. Bd5 Bxd5 25. Nxd5 Qc4 26. Nb6 Qxe2 27.
Rxe2 Rb8 28. Be3 Nf6 29. Nf5 Re6 30. Nd5 Nxd5 31. Rxd5 g6 32. Ng3 f5 33.
Rb5 Rxb5 34. axb5 f4 35. Bb6 Nb7 36. Nf1 d5 37. Bc7 Bd6 38. b6 Kf7 39. Rd2
Bxc7 40. bxc7 Rc6 41. Rxd5 Ke6 42. Rb5 Rxc7 43. f3 a4 44. Nd2 Nd6 45. Rb6
Kd5 46. Ra6 1/2-1/2

[Event "Simpsons 175th"]
[Site "London ENG"]
[Date "2003.08.31"]
[Round "6"]
[White "Howell,D"]
[Black "King,D"]
[Result "1/2-1/2"]
[WhiteElo "2323"]
[BlackElo "2503"]
[EventDate "2003.08.25"]

1. e4 c5 2. c3 e6 3. d4 d5 4. exd5 exd5 5. Nf3 Nc6 6. Bb5 Bd6 7. dxc5 Bxc5
8. O-O Nge7 9. Nbd2 O-O 10. Nb3 Bb6 11. Re1 Bg4 12. Be3 Re8 13. Nbd4 Qd6
14. Qd2 Bc7 15. g3 Ng6 16. Bf1 Qd7 17. Bg2 Nce5 18. Nxe5 Nxe5 19. b3 Bb6
20. f4 Bxd4 21. Bxd4 Nf3+ 22. Bxf3 Bxf3 23. Re5 Rxe5 24. fxe5 Be4 25. Rf1
a5 26. a3 Ra6 27. Rf4 h6 28. Qf2 Bg6 29. Qe2 Re6 30. Qf1 Bc2 31. b4 Bg6 32.
b5 a4 33. Rf2 Qe7 34. Qc1 Bd3 35. b6 Be4 36. Qf4 Bg6 37. Qf3 Be4 38. Qf4
Rg6 39. Rf1 h5 40. h3 Qe6 41. Kh2 Qe7 42. Rf2 Qxa3 43. Qxf7+ Kh7 44. e6 h4
45. g4 Qc1 46. Rf1 Qd2+ 47. Qf2 Qg5 48. Qf7 Qd2+ 49. Qf2 Qg5 50. Qf7
1/2-1/2

[Event "Simpsons 175th"]
[Site "London ENG"]
[Date "2003.09.01"]
[Round "5"]
[White "King,D"]
[Black "Emms,J"]
[Result "1/2-1/2"]
[WhiteElo "2503"]
[BlackElo "2520"]
[EventDate "2003.08.25"]

1. g3 c5 2. Bg2 g6 3. c4 Bg7 4. Nc3 Nf6 5. e4 Nc6 6. Nge2 O-O 7. O-O d6 8.
d3 Bg4 9. Be3 a6 10. f3 Bd7 11. Qd2 Rb8 12. Bh6 Bxh6 13. Qxh6 b5 14. Qd2
Nd4 15. Nxd4 cxd4 16. Nd5 e5 17. Nxf6+ Qxf6 18. b3 bxc4 19. bxc4 Qd8 20. f4
f6 21. Rf2 Kg7 22. h4 h6 23. Bf3 Qb6 24. Qe2 Qb4 25. h5 Qc3 26. Rd1 Rb6 27.
Bg4 Ba4 28. Rdf1 Rfb8 29. fxe5 dxe5 30. hxg6 Rb2 31. Qf3 Rxf2 32. Rxf2 Rb6
33. Kh2 Be8 34. Qf5 Rc6 35. Be2 Qe1 36. Kg2 a5 37. Bf1 Qc3 38. Be2 a4 39.
Bf1 Qc1 40. Be2 a3 41. Qf3 Qg5 42. Qf5 Qxg6 43. Qxg6+ Kxg6 44. Bd1 Rb6 45.
Bb3 Rb4 46. Rf1 Bc6 47. Kh3 Rb8 48. Kg2 Kf7 49. Kf2 Ke7 50. Rh1 Rh8 51. c5
f5 52. Rh5 fxe4 53. Rxe5+ Kd7 54. dxe4 Rb8 55. Bd5 Rb2+ 56. Kf3 Rc2 57.
Bxc6+ Kxc6 58. Rd5 Rxa2 59. Rxd4 Kb5 60. Rd8 Rc2 61. Ra8 a2 62. Kf4 Kxc5
63. Ke5 Kb4 64. Kf6 Rc6+ 65. Kf7 Rc7+ 66. Kg6 Kb3 67. Kxh6 Rc4 68. Rxa2
Kxa2 69. g4 Rxe4 70. g5 Kb3 71. g6 Kc4 72. g7 Rg4 73. Kh7 Kd3 74. g8=Q Rxg8
75. Kxg8 1/2-1/2